书目信息 |
| 题名: |
项羽
|
|
| 作者: | 安平秋 著 | |
| 分册: | ||
| 出版信息: | 北京 中华书局 1981 |
|
| 页数: | 38页 | |
| 开本: | 19cm | |
| 丛书名: | 中国历史小丛书 | |
| 单 册: | ||
| 中图分类: | K827.33 , K-5 | |
| 科图分类: | ||
| 主题词: | 历史 , 地理 | |
| 电子资源: | ||
| ISBN: | ||
| 000 | 00659oam2 2200277 450 | |
| 001 | 1559450048 | |
| 005 | 20150126163112.60 | |
| 010 | @dCNY0.12 | |
| 091 | @a11018.954 | |
| 100 | @a19950315d1981 em y0chiy0110 ea | |
| 101 | 0 | @achi |
| 102 | @aCN@b110000 | |
| 105 | @ay z 000ab | |
| 200 | 1 | @a项羽@9xiang yu@f安平秋著 |
| 210 | @a北京@c中华书局@d1981 | |
| 215 | @a38页@d19cm | |
| 225 | 2 | @a中国历史小丛书 |
| 461 | 0 | @12001 @a中国历史小丛书 |
| 600 | 0 | @a项羽@x传记 |
| 606 | 0 | @a历史 |
| 606 | 0 | @a地理 |
| 690 | @aK827.33@v5 | |
| 690 | @aK-5@v4 | |
| 701 | 0 | @a安平秋@9an ping qiu@4著 |
| 801 | 0 | @aCN@bTSSF@c20150126 |
| 905 | @aZUCC@dK-5@eJY11 | |
| 项羽/安平秋著.-北京:中华书局,1981 |
| 38页;19cm.-(中国历史小丛书) |
| ISBN :CNY0.12 |
| ● |
| 相关链接 |
|
|
|
|
正题名:项羽
索取号:K-5/JY11
 
预约/预借
| 序号 | 登录号 | 条形码 | 馆藏地/架位号 | 状态 | 备注 |
| 1 | 7838425 | 278384259 | 学院路分馆/ [索取号:K-5/JY11] | 在馆 | |
| 2 | 7838426 | 278384268 | 学院路分馆/ [索取号:K-5/JY11] | 在馆 | |
| 3 | 7838427 | 278384277 | 学院路分馆/ [索取号:K-5/JY11] | 在馆 | |
| 4 | 7838547 | 278385472 | 学院路分馆/ [索取号:K-5/JY11] | 在馆 |